| 000 | 00363nam a2200145 a 4500 | ||
|---|---|---|---|
| 001 | 2750 | ||
| 003 | CDMR | ||
| 005 | 20130116135235.0 | ||
| 008 | 130130s1979||||||||||||||||||||||||||||d | ||
| 040 |
_aCDMR _bcat _cCDMR |
||
| 100 | 1 |
_aCassata, Mary B. _92071 |
|
| 245 | 1 | 0 |
_aMass communication _bPrinciples and practices |
| 260 |
_aNew York _c1979 _bMacmillan |
||
| 942 | _cMON | ||
| 999 |
_c2750 _d2750 |
||